| 000 | 01455nam a2200373 c 4500 | ||
|---|---|---|---|
| 003 | BLK | ||
| 005 | 20220228152423.0 | ||
| 008 | 180409b bul|||||r ||||||| ||bul|| | ||
| 010 | _aKNG00123562000 | ||
| 020 |
_a978-954-527-467-1 _bиздат.: Дамян Яков |
||
| 040 | _aBLK | ||
| 041 |
_aBUL _cBUL |
||
| 072 | 7 |
_2bullib _aН85 _xДетска художествена литература Н |
|
| 080 |
_aНемска литература _b821.112.2 _x-93-34 _z821.112.2-93-34 |
||
| 100 | 1 |
_aКаролат, Грета _eпърви автор _977210 |
|
| 700 | 1 |
_aМайс, Сузане _eил. _990940 |
|
| 700 | 1 |
_aЯкова, Рада Дамянова _eпрев. _9365537 |
|
| 139 |
_aКаролат, Грета _bК 42 |
||
| 245 | 1 | 0 |
_aНе бъди тъжен, къртичко Монти _cГрета Каролат; ил. Сузане Майс; прев. Рада Дамянова Якова. |
| 257 | _aDEU | ||
| 260 |
_аСофия _bДамян Яков _c2009 _fСофия : Фоли Арт |
||
| 300 |
_a24 с. _bс цв. ил. _c28 см |
||
| 380 | _aDX | ||
| 500 | _aБез сведение за ориг. загл. | ||
| 653 | _aприказки | ||
| 653 | _aлитература за деца | ||
| 653 | _aдетска литература | ||
| 659 | _aН | ||
| 852 | _aЦб ІІ 16730 | ||
| 856 | 4 |
_qpdf _u |
|
| 856 | 4 |
_qpdf _u |
|
| 942 |
_cKNG _n0 _019 |
||
| 944 |
_aCR _c14.06.2011 _lф / _kГеновева_Генчева |
||
| 944 |
_aED _c18.07.2012 _lф / _k |
||
| 999 |
_c117961 _d117961 |
||